书目信息 |
| 题名: |
化肥高效安全使用与耕地保育
|
|
| 作者: | 孙笑梅 , 刘灿华 主编 | |
| 分册: | ||
| 出版信息: | 北京 中国农业出版社 2019.10 |
|
| 页数: | 217页 | |
| 开本: | 26cm | |
| 丛书名: | ||
| 单 册: | ||
| 中图分类: | S143 , S156 | |
| 科图分类: | ||
| 主题词: | 化学肥料--hua xue fei liao--使用方法 , 耕作土壤--geng zuo tu rang--土壤管理 | |
| 电子资源: | ||
| ISBN: | 978-7-109-26126-6 | |
| 000 | 01011nam0 2200277 450 | |
| 001 | 0109110250 | |
| 005 | 20201109110341.0 | |
| 010 | @a978-7-109-26126-6@dCNY58.00 | |
| 100 | @a20200713d2019 em y0chiy50 ea | |
| 101 | 0 | @achi |
| 102 | @aCN@b110000 | |
| 105 | @aa z 000yy | |
| 106 | @ar | |
| 200 | 1 | @a化肥高效安全使用与耕地保育@Ahua fei gao xiao an quan shi yong yu geng di bao yu@f孙笑梅, 刘灿华主编 |
| 210 | @a北京@c中国农业出版社@d2019.10 | |
| 215 | @a217页@c图@d26cm | |
| 306 | @a题名页出版者题:中国农业出版社,农村读物出版社 | |
| 330 | @a本书共七章,内容包括:河南省土壤资源、河南省土壤肥力评价、农田土壤培肥、化肥安全使用、不同肥料的性质与施用技术、水肥一体化技术、经济作物减肥增效技术模式。 | |
| 606 | 0 | @a化学肥料@Ahua xue fei liao@x使用方法 |
| 606 | 0 | @a耕作土壤@Ageng zuo tu rang@x土壤管理 |
| 690 | @aS143@v5 | |
| 690 | @aS156@v5 | |
| 701 | 0 | @a孙笑梅@Asun xiao mei@4主编 |
| 701 | 0 | @a刘灿华@Aliu can hua@4主编 |
| 801 | 0 | @aCN@bBJSZM@c20201103 |
| 905 | @b1242211-4@dS143@e136@f4 | |
| 化肥高效安全使用与耕地保育/孙笑梅, 刘灿华主编.-北京:中国农业出版社,2019.10 |
| 217页:图;26cm |
| ISBN 978-7-109-26126-6:CNY58.00 |
| 本书共七章,内容包括:河南省土壤资源、河南省土壤肥力评价、农田土壤培肥、化肥安全使用、不同肥料的性质与施用技术、水肥一体化技术、经济作物减肥增效技术模式。 |
| ● |
| 相关链接 |
|
|
|
|
正题名:化肥高效安全使用与耕地保育
索取号:S143/136
 
预约/预借
| 序号 | 登录号 | 条形码 | 馆藏地/架位号 | 状态 | 备注 |
| 1 | 1242211 | 212422118 | 第二样本阅览室/ [索取号:S143/136] | 在馆 | |
| 2 | 1242212 | 212422127 | 第三借阅区/ [索取号:S143/136] | 在馆 | |
| 3 | 1242213 | 212422136 | 第三借阅区/ [索取号:S143/136] | 在馆 | |
| 4 | 1242214 | 212422145 | 第三借阅区/ [索取号:S143/136] | 在馆 |